000 01845cam a2200457 a 4500
001 sjds1061694
003 sjds
005 20210216113947.0
008 100915t20112011txua b 000 1 eng
010 _a 2010033952
020 _a9781558856905 (alk. paper)
020 _a1558856900 (alk. paper)
035 _a454314
035 _a(OCoLC)666573451
035 _a454314
040 _aDLC
_cDLC
_dJAG
_dIUK
_dIFA
_dUtOrBLW
041 0 _aeng
_aspa
049 _aIFAA
099 _aESPANOL PICTURE BOOKS BURSZTYN 2011
100 1 _aBursztyn, Dina,
_eauthor.
245 1 3 _aEl país de las cosas perdidas =
_bThe land of lost things /
_cwritten and illustrated by Dina Bursztyn = escrita e ilustrado por Dina Bursztyn.
246 3 1 _aPaís de las cosas perdidas
246 3 1 _aLand of lost things
260 _aHouston, TX :
_bPinata Books/Arte Publico Press,
_cc2011
264 1 _aHouston, TX :
_bPinata Books/Arte Publico Press,
_c[2011]
264 4 _cc2011
300 _a1 volume (unpaged) :
_bcolor illustrations ;
_c29 cm
336 _atext
_btxt
_2rdacontent
337 _aunmediated
_bn
_2rdamedia
338 _avolume
_bnc
_2rdacarrier
520 _aWhen he looks for his missing blue pencil, a boy enters a strange new world which contains some very familiar objects.
520 _aCuando busca su lapiz azul que se le perdio, un muchacho se encuentra en un nuevo lugar extrano donde hay cosas bien conocidas.
521 8 _aAD 430
_bLexile
526 0 _aAccelerated Reader
_bLG
_c2.1
_d0.5
_z143498
546 _aEnglish and Spanish.
650 0 _aLost and found possessions
_vJuvenile fiction.
650 0 _aSpanish language materials
_xBilingual
_vJuvenile literature.
650 7 _aObjetos perdidos
_vNovela juvenil.
_2bidex
650 7 _aMateriales bilingues en español
_vLiteratura juvenil.
_2bidex
942 _cBK
_2ddc
999 _c25256
_d25256